00236 a2200109 4500001000700000020000600007040001100013100002200024240003800046245003300084362000900117167992 a  cMagnum aGuyton, Arthur C.10aTratado de fisiologia medicalpor10aTratado de fisiologia medica0 a1899